| 000 | 00564nam a22001697a 4500 | ||
|---|---|---|---|
| 008 | 161007b xxu||||| |||| 00| 0 eng d | ||
| 020 | _a0062730244 | ||
| 040 |
_aKABU _cKABU |
||
| 050 |
_aPN1059 _b.P73 1992 C.1 |
||
| 245 |
_aThe practice of poetry _bwriting execises from poets who teach _cedited by Robin Behn and Chase Twichell |
||
| 260 |
_aNew York _bHarper Collins _c1992 |
||
| 300 | _axvii,299 p. | ||
| 650 |
_2Poetry _vAuthorship |
||
| 700 | _aBehn, Robin | ||
| 700 | _aTwichell, Chase | ||
| 942 |
_2lcc _cBK _hPN1059 .P73 1992 C.1 |
||
| 999 |
_c16172 _d16172 |
||